| 000 | 00744nam a22001577a 4500 | ||
|---|---|---|---|
| 003 | LRUA | ||
| 005 | 20220614152226.0 | ||
| 008 | 220614b xxu||||| |||| 00| 0 eng d | ||
| 040 | _crua | ||
| 082 | _2MGR LEN 2014 B429 Or, | ||
| 100 |
_915010 _aLENG SOTHEA,ឡឹង សុធា |
||
| 245 | _aដំណើរករអនុវត្តន៏គោលនយោបាយវមជ្ឃការនិងវសហមជ្ឃការ នៅស្រុកត្រាំកក់ ខេត្តតាកែវ.the proecss and progress of the implementatiom of decentralization and deconcentralization in tramkak district,takeo province. | ||
| 260 |
_aphnom penh _brua _c2014 |
||
| 300 |
_axii.76p _bill, _c29cm, |
||
| 942 |
_2ddc _cNRM |
||
| 999 |
_c20232 _d20232 |
||